[Event "AUTO-INT-2828"]
[Site "http://www.queenalice.com/game.php?id=1268135"]
[Date "2014.3.25"]
[Round "1"]
[White "EduardoObjetivo"]
[Black "rayan10"]
[Result "0-1"]
[WhiteElo "1721"]
[BlackElo "1721"]

1. Nf3 d5 2. c4 dxc4 3. Na3 Be6 4. Qa4+ Nc6 5. Nxc4 Qd7 6. e4 a6 7. Ne3 Bg4 8.
Be2 Rd8 9. O-O e5 10. Rd1 h6 0-1

[Event "AUTO-OPEN-3220"]
[Site "http://www.queenalice.com/game.php?id=1268293"]
[Date "2014.3.26"]
[Round "1"]
[White "plexus"]
[Black "EduardoObjetivo"]
[Result "1-0"]
[WhiteElo "2729"]
[BlackElo "1627"]

1. e4 c6 2. d4 d5 3. Nd2 dxe4 4. Nxe4 Bf5 5. Nc5 e5 6. Nxb7 Qxd4 7. Qxd4 exd4 8.
Nf3 Bb4+ 9. Bd2 Bxd2+ 10. Kxd2 Nf6 11. Nd6+ 1-0

[Event "AUTO-OPEN-3220"]
[Site "http://www.queenalice.com/game.php?id=1268294"]
[Date "2014.3.26"]
[Round "1"]
[White "EduardoObjetivo"]
[Black "plexus"]
[Result "0-1"]
[WhiteElo "1686"]
[BlackElo "2731"]

1. Nf3 d5 2. c4 c6 3. b3 Bg4 4. Ne5 Bf5 5. Bb2 e6 6. g3 Nf6 7. Bg2 Nbd7 8. Nxd7
Qxd7 9. d3 h5 10. cxd5 exd5 11. Nd2 h4 12. e4 dxe4 13. dxe4 Bg4 14. Qc2 O-O-O
15. f3 Bh3 16. Bxh3 Qxh3 17. g4 Rxd2 18. Qxd2 Qxf3 19. Rf1 Qxe4+ 0-1

[Event "AUTO-OPEN-3220"]
[Site "http://www.queenalice.com/game.php?id=1268321"]
[Date "2014.3.26"]
[Round "1"]
[White "kokokinel"]
[Black "EduardoObjetivo"]
[Result "1-0"]
[WhiteElo "2045"]
[BlackElo "1649"]

1. e4 c5 2. c3 d5 3. exd5 Qxd5 4. d4 cxd4 5. Qxd4 Qxd4 6. cxd4 e6 7. Nf3 Nf6 8.
Bb5+ Nbd7 9. O-O Bd6 10. Nc3 O-O 11. h3 a6 12. Ba4 b5 13. Bc2 Bb7 14. Ng5 b4 15.
Nce4 Nxe4 16. Nxe4 Be7 17. f3 Rfc8 18. Ba4 Bc6 19. Bxc6 Rxc6 20. Be3 Rac8 21.
Rac1 f5 22. Nf2 g5 23. Rxc6 Rxc6 24. Rc1 Rxc1+ 25. Bxc1 Bf6 26. Kf1 f4 27. Nd3
a5 28. b3 Bxd4 29. h4 h6 30. hxg5 hxg5 31. a3 Nc5 32. Nxc5 Bxc5 33. axb4 1-0

[Event "AUTO-OPEN-3220"]
[Site "http://www.queenalice.com/game.php?id=1268322"]
[Date "2014.3.26"]
[Round "1"]
[White "EduardoObjetivo"]
[Black "kokokinel"]
[Result "0-1"]
[WhiteElo "1749"]
[BlackElo "2029"]

1. d4 Nf6 2. c4 g6 3. Nc3 d5 4. cxd5 Nxd5 5. e4 Nxc3 6. bxc3 Bg7 7. Bc4 c5 8.
Ne2 Nc6 9. Be3 O-O 10. O-O cxd4 11. cxd4 e6 12. Qd3 Na5 13. Bd2 Nxc4 14. Qxc4 b6
15. Bb4 Re8 16. f4 a5 17. Ba3 Ba6 18. Qc2 Bxe2 19. Qxe2 Bxd4+ 20. Kh1 Bxa1 21.
Rxa1 Qd4 22. Bb2 Qb4 23. Rf1 Rad8 0-1

[Event "AUTO-OPEN-3220"]
[Site "http://www.queenalice.com/game.php?id=1268339"]
[Date "2014.3.26"]
[Round "1"]
[White "phystutordotcom"]
[Black "EduardoObjetivo"]
[Result "1-0"]
[WhiteElo "2525"]
[BlackElo "1651"]

1. Nf3 Nf6 2. g3 g6 3. Bg2 Bg7 4. O-O O-O 5. d4 d6 6. c4 Nbd7 7. Nc3 e5 8. d5 a5
9. e4 Nc5 10. Qc2 Nh5 11. Bg5 f6 12. Be3 b6 13. Nh4 f5 14. exf5 gxf5 15. Nb5 f4
16. Bxc5 bxc5 17. Be4 Nf6 18. Bf5 Bd7 19. Rae1 fxg3 20. fxg3 Kh8 21. Nc3 Qe7 22.
Bxh7 Qe8 23. Ng6+ 1-0

[Event "AUTO-OPEN-3220"]
[Site "http://www.queenalice.com/game.php?id=1268340"]
[Date "2014.3.26"]
[Round "1"]
[White "EduardoObjetivo"]
[Black "phystutordotcom"]
[Result "0-1"]
[WhiteElo "1653"]
[BlackElo "2524"]

1. Nf3 d6 2. g3 Nf6 3. Bg2 e5 4. d3 g6 5. O-O Bg7 6. e4 O-O 7. Nbd2 Na6 8. Nc4
b5 9. Ne3 Bd7 10. Nd2 Re8 11. f4 exf4 12. gxf4 Nc5 13. Qe2 Ne6 14. f5 Nd4 15.
Qf2 gxf5 16. exf5 Rxe3 17. Qxe3 Nxc2 18. Qg5 h6 19. Qh4 Nxa1 20. Bxa8 Qxa8 21.
Ne4 Nxe4 22. dxe4 Kh7 23. Bxh6 Bxh6 0-1

[Event "AUTO-INT-2835"]
[Site "http://www.queenalice.com/game.php?id=1271494"]
[Date "2014.4.9"]
[Round "1"]
[White "limonajar"]
[Black "EduardoObjetivo"]
[Result "1-0"]
[WhiteElo "1655"]
[BlackElo "1522"]

1. e4 c6 2. d4 d5 3. Nc3 dxe4 4. Nxe4 Bf5 5. Bd3 Bg6 6. Nf3 Nd7 7. Bf4 Ngf6 8.
Qe2 e6 9. Nc5 Nxc5 10. dxc5 Bxd3 11. cxd3 Bxc5 12. O-O O-O 13. Ne5 Nd5 14. Bd2
1-0

[Event "AUTO-INT-2835"]
[Site "http://www.queenalice.com/game.php?id=1271495"]
[Date "2014.4.9"]
[Round "1"]
[White "EduardoObjetivo"]
[Black "limonajar"]
[Result "0-1"]
[WhiteElo "1511"]
[BlackElo "1666"]

1. e4 e5 2. Nf3 Nc6 3. Bb5 Qf6 4. O-O Bc5 5. Bxc6 dxc6 6. h3 Ne7 7. d3 O-O 8.
Bg5 Qe6 9. Nc3 Ng6 10. Be3 Bxe3 11. fxe3 b5 12. Ng5 Qe8 13. Qh5 h6 0-1

[Event "AUTO-INT-2835"]
[Site "http://www.queenalice.com/game.php?id=1271510"]
[Date "2014.4.9"]
[Round "1"]
[White "whitecoat"]
[Black "EduardoObjetivo"]
[Result "1-0"]
[WhiteElo "1738"]
[BlackElo "1559"]

1. e4 c5 2. Nf3 d6 3. d4 cxd4 4. Nxd4 Nf6 5. Nc3 g6 6. g3 Bg7 7. Be3 O-O 8. Bg2
Nc6 9. f4 Ng4 10. Nxc6 bxc6 11. Qd2 Nxe3 12. Qxe3 Ba6 13. e5 Qd7 14. O-O-O 1-0

[Event "AUTO-ADV-3121"]
[Site "http://www.queenalice.com/game.php?id=1271626"]
[Date "2014.4.9"]
[Round "1"]
[White "EduardoObjetivo"]
[Black "kokokinel"]
[Result "0-1"]
[WhiteElo "1647"]
[BlackElo "2047"]

1. e4 e5 2. f4 exf4 3. Nf3 Ne7 4. d4 d5 5. Nc3 dxe4 6. Nxe4 Nd5 7. Bd3 Be7 8.
O-O Bg4 9. Bd2 O-O 10. c4 Ne3 11. Bxe3 fxe3 12. Qe2 Bxf3 13. Rxf3 Qxd4 14. Rxe3
g6 0-1

[Event "AUTO-OPEN-3229"]
[Site "http://www.queenalice.com/game.php?id=1271860"]
[Date "2014.4.10"]
[Round "1"]
[White "sovay"]
[Black "EduardoObjetivo"]
[Result "1-0"]
[WhiteElo "2627"]
[BlackElo "1742"]

1. e4 c5 2. Nf3 d6 3. Bb5+ Bd7 4. Bxd7+ Qxd7 5. O-O Nc6 6. Qe2 Nf6 7. Rd1 g6 8.
c3 Bg7 9. d4 cxd4 10. cxd4 O-O 11. d5 Nd8 12. Nc3 b6 13. Bg5 Ng4 14. Rac1 1-0

[Event "AUTO-OPEN-3229"]
[Site "http://www.queenalice.com/game.php?id=1271861"]
[Date "2014.4.10"]
[Round "1"]
[White "EduardoObjetivo"]
[Black "sovay"]
[Result "0-1"]
[WhiteElo "1740"]
[BlackElo "2628"]

1. e4 d5 2. e5 Bf5 3. d3 e6 4. Nf3 c5 5. g3 Nc6 6. Bg2 Nge7 7. O-O Ng6 8. Re1
Bg4 9. Bf4 Nxf4 10. gxf4 g5 11. fxg5 Rg8 12. h4 h6 0-1